[Event "GER-ch U18 Girls"]
[Site "Willingen"]
[Date "2022.06.11"]
[Round "9"]
[White "Cheredzhiyska, Iva"]
[Black "Heutling, Elina"]
[Result "1/2-1/2"]
[WhiteElo "1696"]
[BlackElo "1798"]
[PlyCount "151"]
[EventDate "2022.06.04"]
[EventType "swiss"]
[EventRounds "9"]
[EventCountry "GER"]
[SourceTitle "CBM 208 Extra"]
[Source "ChessBase"]
[SourceDate "2022.07.31"]
[SourceVersion "1"]
[SourceVersionDate "2022.07.31"]
[SourceQuality "1"]

1. e4 c5 2. Nc3 d6 3. f4 g6 4. Nf3 Bg7 5. Bb5+ Bd7 6. Bc4 Nf6 7. e5 dxe5 8. fxe5 Nh5 9. Bxf7+ Kxf7 10. e6+ Ke8 11. exd7+ Qxd7 12. 0-0 Nc6 13. d3 Rf8 14. Kh1 Nf6 15. Bg5 Kf7 16. Ne4 b6 17. c3 Qd5 18. Nf2 Kg8 19. Qd2 Rad8 20. a3 c4 21. Rad1 Qf5 22. Qe2 cxd3 23. Rxd3 Rxd3 24. Nxd3 Qb5 25. Re1 h6 26. Bc1 Rd8 27. Qe6+ Kh7 28. Nde5 Rd6 29. Qc4 Qxc4 30. Nxc4 Rd5 31. h3 Nh5 32. g4 Nf6 33. Nce5 Nxe5 34. Nxe5 Nd7 35. Nc6 Ne5 36. Nxe5 Bxe5 37. Kg2 Bf6 38. Re2 Rd1 39. Bf4 Kg7 40. Bb8 a6 41. Bg3 Kf7 42. Bf4 h5 43. g5 Bg7 44. h4 e6 45. Be3 Rd6 46. a4 e5 47. Kf3 Ke6 48. Ke4 Rc6 49. Kd3 Kd5 50. Bf2 b5 51. axb5 axb5 52. Re4 Rc4 53. Rxc4 bxc4+ 54. Kc2 Ke4 55. b3 cxb3+ 56. Kxb3 Kd3 57. c4 e4 58. c5 Be5 59. c6 e3 60. Be1 Bc7 61. Kb4 Ke2 62. Bc3 Bg3 63. Kc5 Kf3 64. Kd5 e2 65. Ke6 Ke4 66. Kf7 Kf5 67. Be1 Be5 68. Ke7 Kg4 69. Kd7 Bg3 70. c7 Bxe1 71. c8Q Bg3 72. Ke7+ Kf3 73. Qc3+ Kg2 74. Qc2 Kf1 75. Qxe2+ Kxe2 76. Kf6 1/2-1/2

[Event "GER-ch U18 Girls"]
[Site "Willingen"]
[Date "2022.06.08"]
[Round "6"]
[White "Cheredzhiyska, Iva"]
[Black "Rudolph, Eva"]
[Result "0-1"]
[WhiteElo "1696"]
[BlackElo "1860"]
[PlyCount "50"]
[EventDate "2022.06.04"]
[EventType "swiss"]
[EventRounds "9"]
[EventCountry "GER"]
[SourceTitle "CBM 208 Extra"]
[Source "ChessBase"]
[SourceDate "2022.07.31"]
[SourceVersion "1"]
[SourceVersionDate "2022.07.31"]
[SourceQuality "1"]

1. e4 c5 2. Nf3 e6 3. c3 d5 4. exd5 exd5 5. d4 Nc6 6. Bb5 Bd6 7. 0-0 Nf6 8. Re1+ Be6 9. Ng5 0-0 10. Nxe6 fxe6 11. Bxc6 bxc6 12. Bg5 Qc7 13. h3 Bh2+ 14. Kh1 Ne4 15. Bh4 Nxf2+ 16. Bxf2 Rxf2 17. Qg4 Raf8 18. Qxe6+ Kh8 19. Na3 Qg3 20. Qg4 Qxg4 21. hxg4 Bg3 22. Kg1 R2f6 23. Red1 cxd4 24. cxd4 Bf2+ 25. Kh2 Rh6# 0-1

[Event "GER-ch U18 Girls"]
[Site "Willingen"]
[Date "2022.06.05"]
[Round "1"]
[White "Bardorz, Jana"]
[Black "Cheredzhiyska, Iva"]
[Result "1-0"]
[WhiteElo "1974"]
[BlackElo "1696"]
[PlyCount "85"]
[EventDate "2022.06.04"]
[EventType "swiss"]
[EventRounds "9"]
[EventCountry "GER"]
[SourceTitle "CBM 208 Extra"]
[Source "ChessBase"]
[SourceDate "2022.07.31"]
[SourceVersion "1"]
[SourceVersionDate "2022.07.31"]
[SourceQuality "1"]

1. e4 e5 2. Nf3 Nc6 3. Bc4 Bc5 4. c3 Nf6 5. d4 exd4 6. e5 d5 7. Bb5 Ne4 8. cxd4 Bb4+ 9. Bd2 Nxd2 10. Nbxd2 0-0 11. 0-0 Bg4 12. Bxc6 bxc6 13. Qa4 Bxd2 14. Nxd2 Qg5 15. f4 Qg6 16. Qb3 Rab8 17. Qc3 Rb6 18. Rac1 Rfb8 19. b3 Bf5 20. Rf3 Qh5 21. Nf1 Bg4 22. Rf2 Bd7 23. f5 Qh4 24. Qe3 Re8 25. Rc3 a5 26. Rf4 Qg5 27. Qf2 h5 28. Rg3 Qh6 29. Rh3 g5 30. fxg6 fxg6 31. Rg3 h4 32. Rxh4 Qg7 33. Ne3 Rf8 34. Rf4 Rxf4 35. Qxf4 Rb8 36. Qg5 Kh7 37. h4 Qh6 38. Qe7+ Qg7 39. Qxg7+ Kxg7 40. h5 Be8 41. Nf5+ Kh7 42. hxg6+ Kg8 43. g7 1-0

[Event "Mittelfrank Regionalliga Sud-Ost 2122"]
[Site "Mittelfranken"]
[Date "2022.05.15"]
[Round "5.8"]
[White "Guertler, Armin"]
[Black "Cheredzhiyska, Iva"]
[Result "1/2-1/2"]
[WhiteElo "1775"]
[BlackElo "1780"]
[PlyCount "134"]
[EventDate "2021.10.24"]
[EventType "team-tourn"]
[EventRounds "9"]
[EventCountry "GER"]
[SourceTitle "EXT 2024"]
[Source "ChessBase"]
[SourceDate "2023.10.10"]
[SourceVersion "1"]
[SourceVersionDate "2023.10.10"]
[SourceQuality "1"]
[WhiteTeam "Ingolstadt"]
[BlackTeam "Tegernsee"]
[WhiteTeamCountry "GER"]
[BlackTeamCountry "GER"]

1. e4 e5 2. Nf3 Nc6 3. d4 exd4 4. Nxd4 Bb4+ 5. Nc3 Nf6 6. Nxc6 bxc6 7. Bd3 d5 8. exd5 cxd5 9. 0-0 0-0 10. Bg5 Qd6 11. Bxf6 gxf6 12. Nxd5 f5 13. Nxb4 Qxb4 14. Qf3 Rb8 15. b3 Qg4 16. Qxg4+ fxg4 17. Rfe1 Be6 18. Re5 Rb6 19. Rae1 Kg7 20. a4 h6 21. Rc5 Rc8 22. Re4 Rd6 23. Rb4 c6 24. g3 Re8 25. Re5 Kf6 26. Re3 h5 27. Rf4+ Kg7 28. Rb4 Red8 29. Rb7 a6 30. Re5 Kh6 31. Re3 Kg7 32. Kf1 Kf6 33. Bxa6 Rd1+ 34. Re1 R1d4 35. Bd3 Bd5 36. Rb6 Bf3 37. Be2 Be4 38. c3 Rd2 39. Rb4 Bd5 40. Rf4+ Kg5 41. Bc4 Bxc4+ 42. Rxc4 Rb2 43. Rf4 Rxb3 44. Rc4 Rb2 45. Kg2 Rdd2 46. Rf1 Ra2 47. Rc5+ f5 48. Rxc6 Rxa4 49. Rc8 Rc2 50. h3 gxh3+ 51. Kxh3 f4 52. Rc5+ Kg6 53. Rc6+ Kg5 54. Rd1 Ra5 55. gxf4+ Kxf4 56. Rd4+ Kf5 57. Rc8 Ra3 58. Rc5+ Ke6 59. Rd3 Rxf2 60. Rxh5 Rf5 61. Rxf5 Kxf5 62. Kg3 Ke4 63. Rf3 Rb3 64. Rf4+ Kd5 65. Rf3 Kc4 66. Kh3 Rxc3 67. Rxc3+ Kxc3 1/2-1/2

[Event "Mittelfrank Regionalliga Sud-Ost 2122"]
[Site "Mittelfranken"]
[Date "2021.10.24"]
[Round "1.8"]
[White "Heppert, Lars"]
[Black "Cheredzhiyska, Iva"]
[Result "1/2-1/2"]
[WhiteElo "1791"]
[BlackElo "1780"]
[PlyCount "73"]
[EventDate "2021.10.24"]
[EventType "team-tourn"]
[EventRounds "9"]
[EventCountry "GER"]
[SourceTitle "EXT 2024"]
[Source "ChessBase"]
[SourceDate "2023.10.10"]
[SourceVersion "1"]
[SourceVersionDate "2023.10.10"]
[SourceQuality "1"]
[WhiteTeam "Neuburg"]
[BlackTeam "Tegernsee"]
[WhiteTeamCountry "GER"]
[BlackTeamCountry "GER"]

1. e4 e5 2. Nf3 Nc6 3. Bc4 Bc5 4. 0-0 Nf6 5. d3 d6 6. h3 Na5 7. Nc3 Nxc4 8. dxc4 a5 9. Bg5 c6 10. Qd3 0-0 11. Rad1 Be6 12. Na4 Ba7 13. b3 Rc8 14. Bxf6 Qxf6 15. Qxd6 Bb8 16. Qc5 Bxh3 17. gxh3 Qxf3 18. Rd3 Qxe4 19. Nb6 Rcd8 20. Nd7 Rfe8 21. Qxa5 Qf4 22. Rfd1 Kh8 23. Nxb8 Rxb8 24. Qc7 Qg5+ 25. Rg3 Qf6 26. Rd6 Qf5 27. Rd7 Rf8 28. Re7 e4 29. Re3 Rbd8 30. R3xe4 Rd1+ 31. Kg2 Qg5+ 32. Qg3 Qc1 33. Qh2 Qg5+ 34. Qg3 Qc1 35. Qh2 Qg5+ 36. Qg3 Qc1 37. Qh2 1/2-1/2

[Event "GER-ch U18 Girls"]
[Site "Willingen"]
[Date "2021.08.27"]
[Round "7"]
[White "Cheredzhiyska, Iva"]
[Black "Biermann, Sophie"]
[Result "1-0"]
[WhiteElo "1571"]
[BlackElo "1652"]
[PlyCount "61"]
[EventDate "2021.08.22"]
[EventType "swiss"]
[EventRounds "9"]
[EventCountry "GER"]
[SourceTitle "EXT 2022"]
[Source "ChessBase"]
[SourceDate "2021.10.06"]
[SourceVersion "1"]
[SourceVersionDate "2021.10.06"]
[SourceQuality "1"]

1. e4 d5 2. exd5 Qxd5 3. Nc3 Qd8 4. d4 Nf6 5. Bc4 g6 6. Nf3 Bg7 7. Ne5 0-0 8. Be3 a6 9. f4 Nbd7 10. Qf3 Nb6 11. Bb3 c6 12. Rd1 Nbd5 13. Nxd5 cxd5 14. g4 Ne4 15. f5 e6 16. fxg6 fxg6 17. Qg2 Qh4+ 18. Ke2 Bh6 19. Rdf1 Rxf1 20. Rxf1 Bxe3 21. Kxe3 Qg5+ 22. Kd3 Nc5+ 23. Ke2 Nxb3 24. axb3 h5 25. Qf3 Qe7 26. gxh5 Bd7 27. hxg6 Bb5+ 28. c4 Bc6 29. Qh5 Be8 30. Rf8+ Kxf8 31. Qh8# 1-0

[Event "GER-ch U18 Girls"]
[Site "Willingen"]
[Date "2021.08.26"]
[Round "5"]
[White "Rudolph, Eva"]
[Black "Cheredzhiyska, Iva"]
[Result "1/2-1/2"]
[WhiteElo "1790"]
[BlackElo "1571"]
[PlyCount "133"]
[EventDate "2021.08.22"]
[EventType "swiss"]
[EventRounds "9"]
[EventCountry "GER"]
[SourceTitle "EXT 2022"]
[Source "ChessBase"]
[SourceDate "2021.10.06"]
[SourceVersion "1"]
[SourceVersionDate "2021.10.06"]
[SourceQuality "1"]

1. d4 d5 2. c4 e6 3. Nc3 Nf6 4. Bg5 Be7 5. Nf3 c6 6. e3 0-0 7. Bd3 Nbd7 8. 0-0 h6 9. Bh4 Ne8 10. Bxe7 Qxe7 11. Rc1 Nd6 12. c5 Nf5 13. b4 a6 14. Qb3 Qf6 15. Rfd1 e5 16. Nxe5 Nxe5 17. dxe5 Qxe5 18. Ne2 Kh8 19. Bc2 Nh4 20. Rd4 Qg5 21. Ng3 Bh3 22. Rxh4 Qxh4 23. gxh3 Qxh3 24. Qd3 g6 25. Qd4+ Kh7 26. Qf6 Qe6 27. Qh4 f5 28. Rd1 Qf6 29. Qf4 Rf7 30. Rd4 Qg5 31. Qd6 Rd8 32. h4 Rxd6 33. hxg5 Re6 34. gxh6 Kxh6 35. Kg2 Kg5 36. Rf4 Re5 37. Ne2 Re8 38. Nd4 Rh8 39. Nf3+ Kf6 40. Rh4 Rfh7 41. Kg3 Rh6 42. Bd3 g5 43. Rxh6+ Rxh6 44. Nd4 f4+ 45. exf4 gxf4+ 46. Kxf4 Rh4+ 47. Ke3 Rh5 48. a4 Re5+ 49. Kd2 Re8 50. Nxc6 bxc6 51. Bxa6 Re4 52. b5 Rxa4 53. b6 Rb4 54. Kc3 Rb1 55. Bd3 Rh1 56. Kb4 Ke5 57. b7 Rh8 58. Ka5 Kd4 59. Kb6 Kxd3 60. Kxc6 d4 61. Kc7 Ke2 62. c6 d3 63. b8Q Rxb8 64. Kxb8 Kxf2 65. c7 d2 66. c8Q d1Q 67. Qe8 1/2-1/2

[Event "GER-chT U16"]
[Site "Willingen"]
[Date "2021.06.25"]
[Round "3.3"]
[White "Kallweit, Paul"]
[Black "Cheredzhiyska, Iva"]
[Result "1-0"]
[WhiteElo "1832"]
[BlackElo "1601"]
[PlyCount "49"]
[EventDate "2021.06.23"]
[EventType "team-swiss"]
[EventRounds "7"]
[EventCountry "GER"]
[SourceTitle "CBM 203 Extra"]
[Source "ChessBase"]
[SourceDate "2021.09.30"]
[SourceVersion "1"]
[SourceVersionDate "2021.09.30"]
[SourceQuality "1"]
[WhiteTeam "Greifswald"]
[BlackTeam "Tegernsee"]
[WhiteTeamCountry "GER"]
[BlackTeamCountry "GER"]

1. d4 d5 2. c4 e6 3. Nc3 Nf6 4. Bg5 Be7 5. Nf3 Nbd7 6. e3 c6 7. cxd5 cxd5 8. Bd3 a6 9. 0-0 0-0 10. Qe2 b5 11. a4 b4 12. Nb1 a5 13. Nbd2 Bb7 14. Rfc1 Qb6 15. Ne5 Bd6 16. f4 Rfc8 17. Bb5 Ba6 18. Bxa6 Rxc1+ 19. Rxc1 Qxa6 20. Qxa6 Rxa6 21. Rc8+ Bf8 22. Bxf6 Nxf6 23. Nb3 Ra7 24. Nc5 g6 25. Nc6 1-0

[Event "GER-ch U16 Girls"]
[Site "Willingen"]
[Date "2020.10.24"]
[Round "7"]
[White "Dohon, Maria Johanna"]
[Black "Cheredzhiyska, Iva"]
[Result "1-0"]
[WhiteElo "1536"]
[BlackElo "1674"]
[PlyCount "111"]
[EventDate "2020.10.19"]
[EventType "swiss"]
[EventRounds "7"]
[EventCountry "GER"]
[SourceTitle "EXT 2022"]
[Source "ChessBase"]
[SourceDate "2021.10.06"]
[SourceVersion "1"]
[SourceVersionDate "2021.10.06"]
[SourceQuality "1"]

1. d4 d5 2. Nf3 e6 3. g3 Nf6 4. Bg2 Be7 5. 0-0 0-0 6. c4 c6 7. Qc2 b6 8. Nbd2 Bb7 9. Rd1 Na6 10. a3 c5 11. dxc5 Nxc5 12. b4 Nce4 13. Nxe4 Nxe4 14. Bb2 Rc8 15. Rac1 Ba6 16. b5 Bxb5 17. Qb1 Bxc4 18. e3 Bf6 19. Ne5 Bxe5 20. Bxe5 Nd6 21. Qb4 Rc6 22. e4 a5 23. Qa4 Bb5 24. Qb3 Rxc1 25. Rxc1 Bc4 26. Qd1 Nb7 27. Qg4 g6 28. h4 f5 29. exf5 Rxf5 30. Bd4 Nc5 31. h5 Rg5 32. Qh4 Nb7 33. hxg6 Rxg6 34. Qf4 Qg5 35. Qb8+ Nd8 36. Be3 Qf6 37. Bxb6 Qf8 38. Qxd8 a4 39. Qxf8+ Kxf8 40. Bc5+ Ke8 41. Rb1 Bb3 42. Kf1 Kd7 43. Ke2 e5 44. Rh1 Rg7 45. Rh6 e4 46. Bh3+ Kc7 47. Ke3 Rf7 48. Bg4 Bc4 49. Kd2 Kb7 50. Kc3 Ka8 51. Rb6 Rc7 52. Kd4 Rf7 53. Ke5 Rc7 54. Kd6 Rg7 55. Bd1 Ka7 56. Rb4+ 1-0

[Event "GER-ch U16 Girls"]
[Site "Willingen"]
[Date "2020.10.21"]
[Round "2"]
[White "Cheredzhiyska, Iva"]
[Black "Schwegler, Jelena"]
[Result "1-0"]
[WhiteElo "1674"]
[BlackElo "1539"]
[PlyCount "47"]
[EventDate "2020.10.19"]
[EventType "swiss"]
[EventRounds "7"]
[EventCountry "GER"]
[SourceTitle "EXT 2022"]
[Source "ChessBase"]
[SourceDate "2021.10.06"]
[SourceVersion "1"]
[SourceVersionDate "2021.10.06"]
[SourceQuality "1"]

1. e4 c5 2. Nf3 g6 3. d4 cxd4 4. Nxd4 Nc6 5. Nxc6 bxc6 6. Nc3 Bg7 7. Bd3 e6 8. 0-0 Nf6 9. Kh1 d5 10. e5 Nd7 11. f4 0-0 12. Qe2 Rb8 13. b3 Re8 14. Ba3 f6 15. Bd6 Ra8 16. Rae1 fxe5 17. fxe5 Qa5 18. Qf3 Qd8 19. Qf7+ Kh8 20. Bxg6 hxg6 21. Rf3 Nf8 22. Bxf8 Rxf8 23. Rh3+ Bh6 24. Rxh6# 1-0

[Event "GER-ch U16 Girls"]
[Site "Willingen"]
[Date "2020.10.20"]
[Round "1"]
[White "Butenandt, Svenja"]
[Black "Cheredzhiyska, Iva"]
[Result "1-0"]
[WhiteElo "1986"]
[BlackElo "1674"]
[PlyCount "116"]
[EventDate "2020.10.19"]
[EventType "swiss"]
[EventRounds "7"]
[EventCountry "GER"]
[SourceTitle "EXT 2022"]
[Source "ChessBase"]
[SourceDate "2021.10.06"]
[SourceVersion "1"]
[SourceVersionDate "2021.10.06"]
[SourceQuality "1"]

1. d4 d5 2. c4 e6 3. Nc3 Nf6 4. cxd5 exd5 5. Bg5 c6 6. e3 Nbd7 7. Bd3 Be7 8. Nge2 0-0 9. Qc2 Re8 10. 0-0 Nf8 11. f3 h6 12. Bh4 Ne6 13. Rad1 Kh8 14. Bf2 Nh5 15. e4 Nhf4 16. Be3 Bg5 17. Qd2 Nxd3 18. Qxd3 Nc7 19. e5 Bxe3+ 20. Qxe3 Bf5 21. Ng3 Bh7 22. f4 f5 23. b4 a6 24. Na4 Ne6 25. Nc5 Nxc5 26. bxc5 b6 27. cxb6 Qxb6 28. Rc1 Rac8 29. Rc5 g6 30. Rfc1 Re6 31. Qc3 Bg8 32. Ne2 Bf7 33. Rxd5 cxd5 34. Qxc8+ Kg7 35. Qc5 Qb2 36. Qc2 Qb6 37. Rb1 Qa5 38. Kf2 Re7 39. Qc5 Qd8 40. Rb6 Rc7 41. Qd6 Qh4+ 42. Ke3 Ra7 43. Rb8 Qe7 44. Qxe7 Rxe7 45. Rb6 Ra7 46. Rd6 Rc7 47. Rxa6 g5 48. fxg5 hxg5 49. Kd2 Rc4 50. Ra5 Kf8 51. g3 Ke7 52. Kd3 Rc7 53. Nc3 Rd7 54. Nb5 Bg6 55. Ra6 Bh7 56. Rh6 Kd8 57. Rd6 Rxd6 58. Nxd6 f4+ 1-0

[Event "GER-ch U25-B"]
[Site "Willingen"]
[Date "2019.06.13"]
[Round "7"]
[White "Cheredzhiyska, Iva"]
[Black "Plum, Paul"]
[Result "0-1"]
[WhiteElo "1581"]
[BlackElo "1717"]
[PlyCount "84"]
[EventDate "2019.06.08"]
[EventType "swiss"]
[EventRounds "9"]
[EventCountry "GER"]
[SourceTitle "CBM 191 Extra"]
[Source "ChessBase"]
[SourceDate "2019.09.30"]
[SourceVersion "1"]
[SourceVersionDate "2019.09.30"]
[SourceQuality "1"]

1. e4 e5 2. Nf3 Nc6 3. d4 exd4 4. Nxd4 Nf6 5. Nc3 Bb4 6. Nxc6 bxc6 7. Bd3 d5 8. exd5 cxd5 9. 0-0 0-0 10. Bg5 c6 11. Re1 Bg4 12. f3 Bh5 13. Bd2 Bc5+ 14. Kh1 Rb8 15. a3 Bd6 16. Qc1 Qc7 17. f4 Ng4 18. Nd1 Qd8 19. h3 Qh4 20. Rf1 Rfe8 21. b4 c5 22. Kg1 Nf6 23. c3 c4 24. Bc2 Bxd1 25. Qxd1 Ne4 26. Bxe4 dxe4 27. Be3 Qe7 28. Rf2 Red8 29. Rd2 Bc7 30. Qe2 Rd3 31. Rc1 Rbd8 32. Rcc2 Qh4 33. Qf2 Qxf2+ 34. Kxf2 Bb6 35. Re2 Rxe3 36. Rxe3 Rd3 37. Rce2 Rxc3 38. a4 Rd3 39. Rc2 Rxe3 40. Kf1 c3 41. a5 Bc7 42. b5 Bxa5 0-1

[Event "GER-ch U25-B"]
[Site "Willingen"]
[Date "2019.06.09"]
[Round "1"]
[White "Cheredzhiyska, Iva"]
[Black "Richter, Tim"]
[Result "1-0"]
[WhiteElo "1581"]
[BlackElo "1473"]
[PlyCount "119"]
[EventDate "2019.06.08"]
[EventType "swiss"]
[EventRounds "9"]
[EventCountry "GER"]
[SourceTitle "CBM 191 Extra"]
[Source "ChessBase"]
[SourceDate "2019.09.30"]
[SourceVersion "1"]
[SourceVersionDate "2019.09.30"]
[SourceQuality "1"]

1. e4 c5 2. Nf3 Nc6 3. d4 cxd4 4. Nxd4 e5 5. Nb5 d6 6. Be3 Nf6 7. f3 a6 8. N5c3 Be7 9. Na4 Be6 10. Nb6 Rb8 11. Nc3 Nd7 12. Nbd5 Bg5 13. Nc7+ Qxc7 14. Bxg5 0-0 15. Qd2 f6 16. Be3 Rfd8 17. 0-0-0 Nc5 18. Nd5 Qf7 19. Qf2 b6 20. a3 a5 21. Bb5 Ne7 22. Bc4 Nxd5 23. Bxd5 Bxd5 24. Rxd5 Qc7 25. Rhd1 Kf7 26. Kb1 Ke7 27. g4 g5 28. h4 h6 29. Qh2 Rd7 30. hxg5 hxg5 31. Rh1 Ke6 32. Qh6 Rg7 33. Rhd1 Rd8 34. Qh2 Rh7 35. Qf2 Qc6 36. Bxc5 bxc5 37. Rxc5 Qxc5 38. Qxc5 dxc5 39. Rxd8 Ra7 40. Rd5 c4 41. Rc5 Kd6 42. Rxc4 Ra6 43. Rc3 a4 44. Rd3+ Kc5 45. Rd5+ Kc6 46. c4 Kc7 47. Rb5 Rb6 48. Rxb6 Kxb6 49. Kc2 Kc5 50. Kc3 Kd6 51. Kb4 Kc6 52. c5 Kb7 53. Kxa4 Ka6 54. b4 Kb7 55. b5 Ka7 56. Ka5 Kb7 57. c6+ Ka7 58. b6+ Ka8 59. Ka6 Kb8 60. c7+ 1-0

[Event "GER-ch international (Women)"]
[Site "Bodenmais"]
[Date "2018.08.04"]
[Round "8"]
[White "Cheredzhiyska, Iva"]
[Black "Von Herman, Brigitte"]
[Result "0-1"]
[WhiteElo "1426"]
[BlackElo "2068"]
[PlyCount "48"]
[EventDate "2018.07.28"]
[EventType "swiss"]
[EventRounds "9"]
[EventCountry "GER"]
[SourceTitle "EXT 2019"]
[Source "ChessBase"]
[SourceDate "2018.10.10"]
[SourceVersion "1"]
[SourceVersionDate "2018.10.10"]
[SourceQuality "1"]

1. e4 e5 2. Nf3 d6 3. d4 exd4 4. Nxd4 Nf6 5. Nc3 Be7 6. Be2 0-0 7. 0-0 Re8 8. f3 c6 9. Be3 b5 10. a3 a5 11. Nb3 Bb7 12. Qe1 Qc7 13. Qf2 Nbd7 14. Nd4 b4 15. Na4 d5 16. exd5 Nxd5 17. Bd2 c5 18. Nf5 Bf6 19. c3 Qc6 20. Bd1 Ba6 21. Re1 Rxe1+ 22. Qxe1 Bb5 23. Qe4 Ne5 24. Qc2 Bd3 0-1

[Event "GER-ch U25-B"]
[Site "Willingen"]
[Date "2017.06.10"]
[Round "9"]
[White "Cheredzhiyska, Iva"]
[Black "Ebeling, Gereon"]
[Result "0-1"]
[WhiteElo "1091"]
[BlackElo "1413"]
[PlyCount "138"]
[EventDate "2017.06.04"]
[EventType "swiss"]
[EventRounds "9"]
[EventCountry "GER"]
[SourceTitle "CBM 178 Extra"]
[Source "ChessBase"]
[SourceDate "2017.06.22"]
[SourceVersion "1"]
[SourceVersionDate "2017.06.22"]
[SourceQuality "1"]

1. e4 e5 2. Nf3 Nc6 3. d4 exd4 4. Nxd4 Bc5 5. Nb3 Bb6 6. Nc3 Qf6 7. Qe2 Nge7 8. Be3 Nd4 9. Nxd4 Bxd4 10. Bxd4 Qxd4 11. Qd3 Qxd3 12. Bxd3 c6 13. 0-0-0 Ng6 14. Rhe1 0-0 15. g3 Re8 16. f4 Rd8 17. Be2 Kf8 18. Rf1 Ke7 19. Rf2 d6 20. f5 Ne5 21. Rdf1 f6 22. Rd1 Bd7 23. h4 Rh8 24. Rff1 Be8 25. Rd4 Rd8 26. Nd1 h5 27. Ne3 Bf7 28. Rfd1 Rd7 29. Ra4 a6 30. Rad4 Rhd8 31. Nc4 Nxc4 32. Bxc4 c5 33. Bxf7 cxd4 34. Be6 Rc7 35. Rxd4 Rc5 36. Rd1 Re5 37. Bd5 Rb8 38. Rd4 Kd7 39. Be6+ Kc7 40. Bd5 Kd8 41. Be6 Kc7 42. Bd5 b5 43. b4 Kb6 44. c3 Rc8 45. Kd2 Re7 46. Be6 Rd8 47. Bd5 Ra7 48. Be6 a5 49. a3 axb4 50. axb4 Ra1 51. Rd3 Kc7 52. Bd5 Kd7 53. Ke3 Ke7 54. Bc6 Rb8 55. Rd5 Rc8 56. Bxb5 Rxc3+ 57. Bd3 Raa3 58. Kd2 Rcb3 59. b5 Kd7 60. Kc2 Rc3+ 61. Kd2 Rc5 62. Rd4 Ra2+ 63. Ke3 Rc3 64. Rb4 Raa3 65. Rd4 Rcb3 66. Kd2 Rb2+ 67. Kc1 Rg2 68. Rb4 Rxd3 69. b6 Rf3 0-1

[Event "GER-ch U25-B"]
[Site "Willingen"]
[Date "2017.06.09"]
[Round "8"]
[White "Lessmann, Soenke"]
[Black "Cheredzhiyska, Iva"]
[Result "1-0"]
[WhiteElo "1557"]
[BlackElo "1091"]
[PlyCount "89"]
[EventDate "2017.06.04"]
[EventType "swiss"]
[EventRounds "9"]
[EventCountry "GER"]
[SourceTitle "CBM 178 Extra"]
[Source "ChessBase"]
[SourceDate "2017.06.22"]
[SourceVersion "1"]
[SourceVersionDate "2017.06.22"]
[SourceQuality "1"]

1. e4 e5 2. Nf3 Nc6 3. Bc4 Bc5 4. c3 Nf6 5. d3 d6 6. Nbd2 a6 7. h3 h6 8. Nf1 d5 9. exd5 Nxd5 10. Ng3 Be6 11. 0-0 Qd6 12. Ne4 Qe7 13. Re1 f6 14. Nh4 Kf7 15. Qh5+ Kg8 16. Ng6 Qf7 17. Nxc5 Nce7 18. Nxe7+ Qxe7 19. Nxe6 Qxe6 20. d4 b5 21. Bb3 Kh7 22. dxe5 Rhe8 23. Rd1 Rad8 24. exf6 Nxf6 25. Bxe6 Nxh5 26. Rxd8 Rxd8 27. Be3 Re8 28. Bf7 Re5 29. Bxh5 Rxh5 30. Rd1 Re5 31. Rd7 c5 32. Ra7 Re6 33. Kf1 c4 34. Ke2 Rg6 35. Kf3 Re6 36. Bd4 Rg6 37. g4 Kg8 38. Kf4 Kh7 39. h4 h5 40. f3 b4 41. cxb4 a5 42. bxa5 c3 43. Bxc3 hxg4 44. fxg4 Kh6 45. Bxg7+ 1-0

[Event "GER-ch U25-B"]
[Site "Willingen"]
[Date "2017.06.05"]
[Round "3"]
[White "Cheredzhiyska, Iva"]
[Black "Kessen, Fanny"]
[Result "1-0"]
[WhiteElo "1091"]
[BlackElo "1129"]
[PlyCount "73"]
[EventDate "2017.06.04"]
[EventType "swiss"]
[EventRounds "9"]
[EventCountry "GER"]
[SourceTitle "CBM 178 Extra"]
[Source "ChessBase"]
[SourceDate "2017.06.22"]
[SourceVersion "1"]
[SourceVersionDate "2017.06.22"]
[SourceQuality "1"]

1. e4 c5 2. Nf3 Nc6 3. Bc4 g6 4. d3 Bg7 5. c3 d6 6. Be3 a6 7. a4 Qa5 8. Na3 Nf6 9. 0-0 0-0 10. h3 Bd7 11. Bb3 Qc7 12. Qd2 Na5 13. Bc2 Be6 14. Qd1 Rab8 15. Nd2 d5 16. d4 c4 17. e5 Nd7 18. Rb1 f6 19. f4 Bh6 20. Qe2 Qc6 21. f5 Bxe3+ 22. Qxe3 Bf7 23. e6 Bxe6 24. fxe6 Nb6 25. Qh6 Qxe6 26. Bxg6 hxg6 27. Qxg6+ Kh8 28. Rf5 Qe3+ 29. Kh1 Qe2 30. Rh5+ Qxh5 31. Qxh5+ Kg7 32. Rf1 Rh8 33. Qg4+ Kf7 34. Nf3 Rbg8 35. Ne5+ Ke8 36. Qe6 Nxa4 37. Qc8# 1-0